000 00867cam a22002773a 4500
001 19236
003 PGUSA
005 20140828083416.0
008 060912s2006||||xxu|||||s|||||000 | eng d
040 _aPGUSA
_beng
042 _adc
050 4 _aBP
245 1 0 _aJapan Will Turn Ablaze!
_h[electronic resource]
260 _bProject Gutenberg,
_c2006
506 _aCopyrighted. Read the copyright notice inside this book for details.
516 _aElectronic text
653 _aAlexander, Agnes B. (Agnes Baldwin), 1875-1970
653 _aBahais -- United States
653 _aYamamoto, Kanichi, 1879-1961
653 _aBahais -- Japan
653 _aAugur, George Jacob, 1853-1927
700 1 _aSims, Barbara R.
_q(Barbara Rutledge),
_d1918-2002
830 0 _aProject Gutenberg
_v19236
856 4 0 _uhttp://www.gutenberg.org/ebooks/19236
942 _cEB
999 _c248491
_d248491